1627 1089 1051 1536 1990 1577 1518 1243 1306 1275 1231 1203 1379 1564 1489 1712 1993 1344 1670 1913 1370 1951 1490 1146 1747 1855 1727 1004 1948 1579 1508 1553 1091 1545 1777 1421 1947 1035 1564 1232 1604 1288 1145 1437 1862 1530 1305 1870 1980 1158 1871 1904 1950 1254 1120 1825 1574 1054 1406 1813 1507 1638 1425 1208 1922 1161 1946 1610 1004 1409 1350 1849 1346 1643 1395 1020 1799 1715 1164 1629 1289 1879 1856 1129 1352 1985 1772 1626 1738 1871 1724 1035 1548 1747 1673 1799 1165 1196 1165 BCNSPRNW ULIB Ver.6.0+V

เปลี่ยนเป็นภาษาไทย

Change to English
 แสดงรายละเอียดบรรณานุกรม
  กลับหน้าหลัก

Brief Record : Get Marc (ISO 2709) : E-mail record : QR code < ปิดหน้าต่าง
LEADER : 00000nam 2200000uu 4500
001    13399110415
003     ULIB
008    110526s2009||||th 000 0 eng d
020    9781416044055 (pbk.)
060 04 QS4^bS689I 2009
100 1  Solomon, Eldra Pearl
245 10 Introduction to human anatomy and physiology /^cEldraPearl Solomon
250    3rd ed.
260    St. Louis, Mo. :^bSaunders,^cc2009
300    viii, 341 p. :^bill. (some col.) ;^c28 cm.
500    Includes index
650  0 Human physiology
650  0 Human anatomy
945    ^p2630^l0^i18165
945    ^p2630^l0^i16529
995    Kesorn
999 ^a ใช้งานได้ทุกระบบ
รายการนี้ยังไม่มีแท็ก
คุณยังไม่ได้ล็อกอิน คุณสามารถมีกิจกรรมร่วมกับเว็บไซต์ได้ แต่ต้องล็อกอินก่อน ::
  ล็อกอิน

รายการสื่อสารสนเทศ

ลำดับที่ ประเภท เลขเรียก/บาร์โค้ด สถานที่ สถานะ
1. วิทยาศาสตร์การแพทย์ และสุขภาพ
วิทยาศาสตร์การแพทย์ และสุขภาพ
QS4 S689I 2009  
  Barcode: 18165
ห้องสมุดวิทยาเขตสวรรค์ประชารักษ์
►นวนิยาย
บนชั้น
  ขอยืม

รายการใกล้เคียง
    หัวเรื่อง [Human physiology]
    หัวเรื่อง [Human anatomy]

BibComment


ยังไม่เคยถูกคอมเมนท์

คอมเมนท์ทรัพยากรรายการนี้
  คอมเมนท์: Introduction to h..


 Copyright 2026. Bcnsprnw @Library